000 00671nam a2200241Ia 4500
003 OSt
005 20220918230514.0
006 a|||||r|||| 00| 0
007 ta
008 220917b |||||||| |||| 00| 0 eng d
024 _a254,921
037 _cTextual
040 _aARTS
_cARTS
_beng
041 _2eng
_aeng
082 _a234:8.2'N8, N1
100 _aPrasher R G Ed.
_9149940
245 0 _aUniversity libraries in India
_b 1980s and beyond
260 _aNew Delhi
_bMedallion Press India
_c1991
300 _aviii, 290p.
_ccm.
650 _aLIBRARY SCIENCE
942 _h234:8.2'N8, N1
_cTEXL
_2CC
999 _c288242
_d288242